[Event "World School-ch U13 Girls 8th"]
[Site "Iasi"]
[Date "2012.05.02"]
[Round "5"]
[White "Drogovoz, Irina"]
[Black "Vasenina, Anna"]
[Result "1/2-1/2"]
[WhiteElo "1907"]
[BlackElo "2044"]
[PlyCount "86"]
[EventDate "2012.04.28"]
[EventType "swiss"]
[EventRounds "9"]
[EventCountry "ROU"]
[SourceTitle "EXT 2013"]
[Source "ChessBase"]
[SourceDate "2012.11.22"]
[SourceVersion "1"]
[SourceVersionDate "2012.11.22"]
[SourceQuality "1"]

1. e4 e5 2. Nf3 Nc6 3. d4 exd4 4. Nxd4 Bc5 5. Nxc6 bxc6 6. Bd3 Qh4 7. Qe2 Nf6 8. h3 0-0 9. g3 Qh5 10. Nc3 d5 11. Qxh5 Nxh5 12. Kf1 Re8 13. Kg2 Nf6 14. f3 Rb8 15. Re1 Bd4 16. Re2 Bd7 17. a4 a5 18. Nd1 dxe4 19. fxe4 c5 20. c3 Be5 21. Bf4 Bc6 22. Bxe5 Rxe5 23. Nf2 c4 24. Bxc4 Nxe4 25. Kg1 Ng5 26. Rd1 Nf3+ 27. Kf1 Bxa4 28. Rd5 Rxd5 29. Bxd5 Ng5 30. Re5 Ne6 31. Bxe6 fxe6 32. Rxa5 Bb3 33. Rc5 Rb7 34. Ke2 Kf7 35. Ke3 Ke7 36. Ke4 Ra7 37. Nd3 Kd6 38. Rg5 Ra4+ 39. Ke3 g6 40. Rg4 Rxg4 41. hxg4 Bd1 42. Nf2 Bc2 43. Nh3 Bd1 1/2-1/2

[Event "World School-ch U13 Girls 8th"]
[Site "Iasi"]
[Date "2012.04.30"]
[Round "3"]
[White "Mammadova, Narmin Fazahir Qizi"]
[Black "Vasenina, Anna"]
[Result "1-0"]
[WhiteElo "1873"]
[BlackElo "2044"]
[PlyCount "91"]
[EventDate "2012.04.28"]
[EventType "swiss"]
[EventRounds "9"]
[EventCountry "ROU"]
[SourceTitle "EXT 2013"]
[Source "ChessBase"]
[SourceDate "2012.11.22"]
[SourceVersion "1"]
[SourceVersionDate "2012.11.22"]
[SourceQuality "1"]

1. e4 c5 2. c3 Nf6 3. e5 Nd5 4. Nf3 Nc6 5. Bc4 Nb6 6. Bb3 g6 7. 0-0 Bg7 8. d4 cxd4 9. cxd4 0-0 10. Re1 d5 11. Nc3 f6 12. h3 Bf5 13. Bf4 g5 14. exf6 exf6 15. Bh2 Qd7 16. Bc2 Bg6 17. Bxg6 hxg6 18. Qd3 Qf5 19. Qb5 Rf7 20. a4 Rd8 21. a5 Nc4 22. a6 Qd7 23. b3 Nb6 24. Qe2 bxa6 25. Qd3 Qf5 26. Qxa6 Qc2 27. Nb5 Nb4 28. Qa3 Nd3 29. Ra2 Qc6 30. Nxa7 Rxa7 31. Qxa7 Nxe1 32. Qc7 Nxf3+ 33. gxf3 Rc8 34. Qe7 Re8 35. Qb4 Nd7 36. Ra7 Bf8 37. Qa5 Qc1+ 38. Kg2 Re7 39. Qxd5+ Kh8 40. Rxd7 Rxd7 41. Qxd7 Bg7 42. d5 f5 43. d6 Qd2 44. Qe8+ Kh7 45. d7 g4 46. d8Q 1-0

[Event "Wch U12 Girls"]
[Site "Caldas Novas"]
[Date "2011.11.18"]
[Round "1"]
[White "Giblon, Melissa"]
[Black "Vasenina, Anna"]
[Result "1/2-1/2"]
[WhiteElo "1572"]
[BlackElo "2018"]
[PlyCount "33"]
[EventDate "2011.11.18"]
[EventType "swiss"]
[EventRounds "9"]
[EventCountry "BRA"]
[SourceTitle "EXT 2013"]
[Source "ChessBase"]
[SourceDate "2012.11.22"]
[SourceVersion "1"]
[SourceVersionDate "2012.11.22"]
[SourceQuality "1"]

1. c4 e6 2. g3 d5 3. Bg2 Nf6 4. Nf3 Be7 5. 0-0 0-0 6. d4 dxc4 7. Ne5 c6 8. Nxc4 b5 9. Ne5 Bb7 10. a3 a5 11. e3 Qb6 12. Bd2 c5 13. dxc5 Bxc5 14. Bxb7 Qxb7 15. Qf3 Qxf3 16. Nxf3 Nbd7 17. Nc3 1/2-1/2

[Event "EU-ch U12 Girls"]
[Site "Albena"]
[Date "2011.09.18"]
[Round "7"]
[White "Mammadova, Narmin Fazahir Qizi"]
[Black "Vasenina, Anna"]
[Result "0-1"]
[WhiteElo "1824"]
[BlackElo "1997"]
[PlyCount "118"]
[EventDate "2011.09.11"]
[EventType "swiss"]
[EventRounds "9"]
[EventCountry "BUL"]
[SourceTitle "CBM 144 Extra"]
[Source "ChessBase"]
[SourceDate "2011.10.28"]
[SourceVersion "1"]
[SourceVersionDate "2011.10.28"]
[SourceQuality "1"]

1. e4 c5 2. c3 Nf6 3. e5 Nd5 4. Nf3 Nc6 5. d4 cxd4 6. cxd4 d6 7. Bc4 Nb6 8. Bb3 dxe5 9. d5 Na5 10. Nc3 f6 11. Nh4 g6 12. 0-0 Bg7 13. Bc2 f5 14. Qe2 0-0 15. b4 Nac4 16. Bb3 Nd6 17. Bb2 Bd7 18. a4 Rc8 19. Rac1 Nbc4 20. Ba1 a6 21. Nf3 e6 22. Rfd1 Qe7 23. h3 b5 24. a5 h6 25. Bxc4 Nxc4 26. d6 Qf7 27. Na2 e4 28. Ne1 e5 29. Nc2 Rfd8 30. Ne3 Be6 31. Nxc4 Bxc4 32. Qc2 Rc6 33. Rd2 Rcxd6 34. Rxd6 Rxd6 35. Nc3 Qd7 36. Rd1 Rxd1+ 37. Nxd1 Qd3 38. Qxd3 exd3 39. Bc3 e4 40. Bd2 Kf7 41. Kf1 Ke6 42. h4 Bb3 43. Nc3 g5 44. hxg5 hxg5 45. g3 Bf6 46. Ke1 Ke5 47. Bc1 Kd4 48. Nxb5+ Kc4 49. Nc7 Bc3+ 50. Bd2 Bxd2+ 51. Kxd2 Kxb4 52. Nxa6+ Kxa5 53. Nc5 Bd5 54. Nd7 Kb5 55. Nf6 Kc5 56. Nh7 f4 57. gxf4 gxf4 58. f3 exf3 59. Kxd3 Bc4+ 0-1

[Event "Wch U12 Girls"]
[Site "Porto Carras"]
[Date "2010.10.30"]
[Round "11"]
[White "Vasenina, Anna"]
[Black "Sunyasakta, Satpathy"]
[Result "0-1"]
[WhiteElo "1844"]
[BlackElo "1899"]
[PlyCount "57"]
[EventDate "2010.10.20"]
[EventType "swiss"]
[EventRounds "11"]
[EventCountry "GRE"]
[SourceTitle "EXT 2011"]
[Source "ChessBase"]
[SourceDate "2010.11.26"]
[SourceVersion "1"]
[SourceVersionDate "2010.11.26"]
[SourceQuality "1"]

1. e4 e5 2. Nf3 Nc6 3. Nc3 Nf6 4. Bb5 Nd4 5. Bc4 Nxf3+ 6. gxf3 Bc5 7. d3 c6 8. Bg5 Qb6 9. Na4 Bxf2+ 10. Kf1 Qa5 11. c3 b5 12. Kxf2 bxa4 13. d4 Rb8 14. Rb1 d5 15. exd5 Bf5 16. Qe2 0-0 17. Rbg1 Nxd5 18. Bh6 Bg6 19. Bc1 exd4 20. cxd4 Rfe8 21. Qd1 Qb4 22. Be2 c5 23. a3 Qb6 24. Rg4 h5 25. dxc5 Qxc5+ 26. Rd4 Rbd8 27. Kf1 Bc2 28. Qd2 Ne3+ 29. Ke1 0-1